| 000 | 01328cam a2200409 i 4500 | ||
|---|---|---|---|
| 001 | 200468072 | ||
| 003 | TR-AnTOB | ||
| 005 | 20260413120745.0 | ||
| 007 | ta | ||
| 008 | 260413r19671966nyu 000 1 eng d | ||
| 010 | _a 2009291434 | ||
| 035 | _a15772092 | ||
| 035 | _a(OCoLC)259266056 | ||
| 035 | _a(TR-AnTOB)200468072 | ||
| 040 |
_aBTCTA _beng _erda _cBTCTA _dYDXCP _dHCO _dDLC _dTR-AnTOB |
||
| 041 | 0 | _aeng | |
| 043 | _aa-cc-hk | ||
| 050 | 0 | 4 |
_aPS3553.L365 _bT3 1967 |
| 090 |
_aPS3553.L365 _bT3 1967 |
||
| 100 | 1 |
_aClavell, James _eauthor _4aut _9150123 |
|
| 240 | 1 | 0 | _aTai-Pan |
| 245 | 1 | 0 |
_aTai-Pan : _ba novel of Hong Kong / _cby James Clavell. |
| 264 | 1 |
_aNew York : _bDell Publishing, _c1967. |
|
| 300 |
_a734 pages ; _c18 cm |
||
| 336 |
_atext _btxt _2rdacontent |
||
| 337 |
_aunmediated _bn _2rdamedia |
||
| 338 |
_avolume _bnc _2rdacarrier |
||
| 500 | _a"A Dell Book" | ||
| 650 | 0 |
_aBritish _zChina _vFiction _9153589 |
|
| 651 | 0 |
_aHong Kong (China) _vFiction _9153591 |
|
| 651 | 0 |
_aChina _xHistory _y19th century _vFiction _9153592 |
|
| 655 | 7 |
_aHistorical fiction _2lcgft _0https://id.loc.gov/authorities/genreForms/gf2014026370 _95021 |
|
| 655 | 7 |
_aFiction _2lcgft _0https://id.loc.gov/authorities/genreForms/gf2014026339 _9151487 |
|
| 942 |
_2lcc _cBK |
||
| 999 |
_c200468072 _d86284 |
||